000 00795nam a22001577a 4500
005 20251103105653.0
100 _aKudaligama, K.V.V.S.
245 _aEffect of early tapping on yield and related factors of rubber grown in non-traditional areas of Sri Lanka with an emphasis on financial benefits
260 _bNatural Rubber Industry: Way forward for the Competitiveness and Sustainability: Proceedings of the International Rubber Conference 2019, 30 September- 1st October 2019, International Rubber Research and Development Board and Myanmar Rubber Planters and Producers Association, Nai Pyi Taw, Myanmar, pp. 140-150.
_c2022
650 _aLatex physiology
650 _aNon-traditional area
650 _aTapping
700 _aRodrigo, V.H.L.
700 _aLakshman, R.G.N.
942 _cAR
999 _c75724
_d75724